000 00608nam a2200241 a 4500
999 _c427
_d427
001 427
003 BD-JhCC
005 20171004213330.0
008 171004r19791959enk |||| |||| 000 0 eng d
035 _a(BD-JhCC) 427
040 _aBD-JhCC
_dBD-JhCC
041 _aeng
082 _222
_a823
_bHAI 1979
100 _aHailey, Arthur
245 _aThe final diagnosis /
_cArthur Hailey.
260 _aCavaye Place :
_bPan Books Ltd,
_cc1959 [Reprinted 1979].
300 _a333 p. :
_c18 cm.
650 _aMedical Fiction
650 _aPhysicians
650 _aPathology
942 _2ddc
_cBK